Společná činnost a komunikace
Salvato in:
| Autore principale: | |
|---|---|
| Natura: | Libro |
| Lingua: | ceco |
| Pubblicazione: |
Praha
Svoboda
1984
|
| Serie: | Sociologická knižnice
|
| Tags: |
Nessun Tag, puoi essere il primo ad aggiungerne!!
|
MARC
| LEADER | 00000nam a2200000 4500 | ||
|---|---|---|---|
| 001 | c111746 | ||
| 005 | 20230105083752.0 | ||
| 041 | 0 | |a cze | |
| 044 | |a CZ | ||
| 245 | 1 | 0 | |a Společná činnost a komunikace |c Jaromír Janoušek |
| 264 | 1 | |a Praha |b Svoboda |c 1984 | |
| 300 | |a 242 s. | ||
| 490 | 1 | |a Sociologická knižnice | |
| 830 | 0 | |a Sociologická knižnice | |
| 100 | 1 | |a Janoušek, Jaromír | |